The Sporcle Globe Kidnapping! Quiz Stats

Quiz Updated Apr 5, 2013

Challenge
Share
Tweet
If you don't see this image, the quiz won't work!
Score 0/30 Timer 08:00
2 Plays Today
% Correct
Time - V
93.1%
Sports Illustrated - N
91.5%
People - O
88.8%
Seventeen - I
84.7%
Glamour - E
83.2%
Newsweek - N
83.1%
O The Oprah Magazine - N
78.7%
Good Housekeeping - I
78.3%
GQ - N
73.5%
Mad - L
73.4%
Cosmopolitan - I
68.1%
ESPN The Magazine - N
65.8%
Vincent
64.1%
National Geographic - A
62.8%
The New Yorker - O
62.3%
% Correct
In Style - C
58.7%
Allure - T
50.3%
Cincinnati
50.3%
Better Homes and Gardens - T
46.8%
Rolling Stone - C
39.9%
Parents - T
30.9%
AARP The Magazine - S
27.8%
This Old House - N
24.7%
OK! - R
23.9%
Car and Driver - E
23.6%
TV Guide Magazine - C
23.1%
Martha Stewart Living - P
16.9%
Sporcleton
16.3%
Family Circle - C
14.7%
More - I
6.7%

You're not logged in!

Compare scores with friends on all Sporcle quizzes.
Sign Up with Email
OR
Log In

You Might Also Like...

Show Comments

Extras

Top Quizzes Today


Score Distribution

Your Account Isn't Verified!

In order to create a playlist on Sporcle, you need to verify the email address you used during registration. Go to your Sporcle Settings to finish the process.